| 000 | 00472nam a2200157Ia 4500 | ||
|---|---|---|---|
| 008 | 210716s2009 xx 000 0 und d | ||
| 020 | _a0070677409 | ||
| 041 | _aeng | ||
| 082 | _a658.4012 DESG | ||
| 100 | _aDess, Gregory G;Lumpkin, G T;Eisner, Alan B. | ||
| 245 |
_aStrategic management: text and cases. _bText and cases. |
||
| 250 | _a1 | ||
| 260 |
_aNew Delhi _bTata McGraw Hill Publishing Company Ltd _c2009 |
||
| 300 | _axxiv,984 | ||
| 650 | _aStrategic Management | ||
| 999 |
_c204731 _d204731 |
||